Language Quiz

Random Language or Blitz Quiz
Score 0/5 Timer 01:00
0 Plays Today
% Correct
reckless
91.6%
listless
82.4%
hapless
81.7%
feckless
58.3%
shiftless
51.4%

You're not logged in!

Compare scores with friends on all Sporcle quizzes.
OR
Log In

Sporcle TV

Today on Sporcle TV


Watch our educational content, quiz creation guides, and fun videos on Sporcle TV.

Show Comments

Extras

Top Quizzes Today


Score Distribution

Your Account Isn't Verified!

In order to create a playlist on Sporcle, you need to verify the email address you used during registration. Go to your Sporcle Settings to finish the process.

Report this User

Report this user for behavior that violates our Community Guidelines.

Details: